Ants, Indians, and little dinosaurs /

Bibliographic Details
Corporate Author: American Museum of Natural History
Other Authors: Ternes, Alan
Format: Book
Language:English
Published: New York : Scribner, [1975]
Subjects:

MARC

Tag First Indicator Second Indicator Subfields
LEADER 00000cam a2200000 i 4500
001 in00000489698
005 20151013055351.0
008 750701s1975 nyu 00100 eng
010 |a  75004212  
020 |a 0684143127 
035 |a (OCoLC)01422995 
035 |9 ACC5240AM 
040 |c COO  |d TXA  |d UtOrBLW 
049 |a TXAM  |c 1 [1413895], 2 [1140831] 
050 0 0 |a QL81  |b .A57 1975 
245 0 0 |a Ants, Indians, and little dinosaurs /  |c selected from Natural history and edited by Alan Ternes. 
264 1 |a New York :  |b Scribner,  |c [1975] 
264 4 |c ©1975 
300 |a vi, 377 pages ;  |c 18 cm. 
336 |a text  |b txt  |2 rdacontent 
337 |a unmediated  |b n  |2 rdamedia 
338 |a volume  |b nc  |2 rdacarrier 
500 |a "American Museum of Natural History. Special members edition." 
500 |a Cushing Owens copy: ms. note by Owens laid in. 
650 0 |a Natural history. 
700 1 |a Ternes, Alan. 
710 2 |a American Museum of Natural History. 
730 0 |a Natural history. 
999 |a MARS 
999 f f |s fc1e014d-13d5-3ee6-8da1-b66a07b228b6  |i 9be85d0b-571f-3388-9ce3-561c34824b70  |t 0 
952 f f |p ric  |a Texas A&M University  |b Rellis Campus  |c Joint Library Facility  |s JLF  |d Remote Storage  |t 0  |e QL81 .A57 1975  |h Library of Congress classification  |i unmediated -- volume  |m A14804929758 
952 f f |p noncirc  |a Texas A&M University  |b College Station  |c Cushing Memorial Library & Archives  |s cush owen  |d Cushing: Owens (Does not check out)  |t 0  |e QL81 .A57 1975  |h Library of Congress classification  |i unmediated -- volume 
998 f f |a QL81 .A57 1975  |t 0  |l Remote Storage 
998 f f |a QL81 .A57 1975  |t 0  |l Cushing: Owens (Does not check out)